00466nam a2200193Ia 4500003000400000005001700004008004100021020001800062040000700080041000800087082001700095100002200112245003500134250000600169260004500175300001500220365001300235650002400248OSt20230427151011.0210423s2009 xx 000 0 und d a9788173199912 cAL aeng a531 CHAS223 aCHANDRA (Suresh). aClassical mechanics: textbook. a4 aNew DelhibNarosa Publishing Housec2009 ax,334pbPB b275cINR aClassical Mechanics